00685cam a22002291 4500001001300000003000400013005001700017008004100034010001700075035002000092040002300112042001200135050001600147100002300163245009100186250002100277260005200298300001900350440003800369650003100407999001700438ne 66000896 DLC20260227111823.0860207s1965 le 000 0 ara  ane 66000896  a(OCoLC)13118235 aDLCcTxUdTxUdDLC apremarc00aHX442b.H261 aḤalīq, ʻUmar.10aDawr al-mārkisīyah fī al-ishtirākīyah al-ʻArabīyah,cli-ʻUmar Ḥalīq. a[al-Ṭabʻah 1] a[Bayrūt]bDār al-Kitāb al-Jadīdc[1965] a123 p.c21 cm. 0aSilsilat al-fikr al-ʻArabī,v4 0aSocialismzArab countries. c48878d48878